भ्रमर पत्रिका का शताब्दी वर्ष/ (Record no. 206390)

MARC details
000 -LEADER
fixed length control field 00795nam a22001817a 4500
005 - DATE AND TIME OF LATEST TRANSACTION
control field 20241014164218.0
010 ## - LCCN (DPL NO)
LC control number HIN-128619
020 ## - INTERNATIONAL STANDARD BOOK NUMBER
Terms of availability 400.00
International Standard Book Number 9789390827855
035 ## - SYSTEM CONTROL NUMBER
System control number HN-100965
037 ## - SOURCE OF ACQUISITION
Source of stock number/acquisition DBAD/PUB
082 ## - DEWEY DECIMAL CLASSIFICATION NUMBER
Classification number 821.08
Edition number प्रथम
100 ## - MAIN ENTRY--PERSONAL NAME
Personal name शर्मा हरिशंकर
245 ## - TITLE STATEMENT
Title भ्रमर पत्रिका का शताब्दी वर्ष/
Statement of responsibility, etc हरिशंकर शर्मा द्वारा संपादित
260 ## - PUBLICATION, DISTRIBUTION, ETC. (IMPRINT)
Name of publisher, distributor, etc बोधि प्रकाशन
Date of publication, distribution, etc 2021
Place of publication, distribution, etc जयपुर
270 ## - ADDRESS
City जयपुर
Telephone number 9829018087, 014221370
Electronic mail address bodhiprakashan@gmail.com
300 ## - PHYSICAL DESCRIPTION
Extent 392 पृ.
Dimensions 21 से.मी (सजिल्द)
942 ## - ADDED ENTRY ELEMENTS (KOHA)
Source of classification or shelving scheme Dewey Decimal Classification
Item type Hindi Books
Classification part 821.08
Call number suffix हरिशंकर शर्मा
Holdings
Withdrawn status Lost status Not for loan Collection code Home library Current library Date acquired Source of acquisition Cost, normal purchase price Full call number Barcode Copy number Cost, replacement price Koha item type
      Non-fiction Bawana Bawana 14/10/2024 DBAD 400.00 821.08 हरिशं HN-100965 1 400.00 Hindi Books

© Delhi Public Library
Hit Counter
free hit counter